The dying sea
| Main Author: | |
|---|---|
| Format: | Book |
| Published: |
London :
Franklin Watts ,
1988
|
| Series: | The Survival
|
| Subjects: |
MARC
| LEADER | 00000cam a2200000 7i4500 | ||
|---|---|---|---|
| 001 | 0000006849 | ||
| 002 | 000007379 | ||
| 005 | 20000330.0 | ||
| 020 | |a 0863137296 | ||
| 090 | 0 | 0 | |a J 333.95 |b SUR |
| 100 | 1 | |a Bright, Michael | |
| 245 | 1 | 4 | |a The dying sea |c Michael Bright |
| 260 | |a London : |b Franklin Watts , |c 1988 | ||
| 300 | |a 32p. : |b ill. ; |c 29cm. | ||
| 490 | 0 | |a The Survival | |
| 650 | 0 | 0 | |a Pollution |x Environmental aspects |x Juvenile literature |
| 999 | |a 016171 |b BUKU |c PINJAMAN |e PERPUSTAKAAN KOMUNITI PETALING JAYA | ||